000 00872nam a22002177a 4500
999 _c2003
_d2003
003 AR-CdUCM
008 190228b ||||| |||| 00| 0 spa d
040 _aMUNICIPALIDAD PROVINCIAL DEL CUSCO
_cBIBLIOTECA MUNICIPAL DEL CUSCO
082 _a333 /
_bK45
100 _aKervyn, Bruno
_97289
245 _aLa economía campesina en el Perú :
_bteorías y políticas /
260 _aCusco :
_bCentro de Estudios Rurales Andinos "Bartolomé de las Casas",
_c1988.
300 _a92 páginas ;
_c21 cm.
440 _aDebates Andinos.
_n14
_97290
505 _aContenido: Las investigaciones en Economía campesina vista desde las alturas -- Las lógicas de funcionamiento de las Economías campesinas -- La dinámica -- El cambio técnico.
650 _aAgricultura
_9320
650 _aAspectos económicos
_9261
650 _aPerú
_935
942 _2ddc
_cLIBROS
945 _aachl